Biên hội và đánh giá hiện trạng quản lí tài nguyên rừng ngập mặn tỉnh Sóc Trăng : Luận văn tốt nghiệp đại học. Chuyên ngành Môi trường và quản lý tài nguyên thiên nhiên

Đánh giá hiện trạng tài nguyên rừng ngập mặn ở tỉnh Sóc Trăng. Đánh giá hiện trạng quản lý tài nguyên rừng ngập mặn ở tỉnh Sóc Trăng. Phân tích nguyên nhân gây suy thoái hệ sinh thái rừng ngập mặn. Đề xuất các biện pháp khả thi góp phầ...

Disgrifiad llawn

Wedi'i Gadw mewn:
Manylion Llyfryddiaeth
Prif Awdur: Phan, Thị Trang
Fformat: Llyfr
Iaith:Undetermined
Cyhoeddwyd: Cần Thơ Trường Đại học Cần Thơ 2005
Pynciau:
Tagiau: Ychwanegu Tag
Dim Tagiau, Byddwch y cyntaf i dagio'r cofnod hwn!
Thư viện lưu trữ: Trung tâm Học liệu Trường Đại học Cần Thơ
LEADER 01371nam a2200205Ia 4500
001 CTU_143496
008 210402s9999 xx 000 0 und d
082 |a 634.97342 
082 |b Tr106 
100 |a Phan, Thị Trang 
245 0 |a Biên hội và đánh giá hiện trạng quản lí tài nguyên rừng ngập mặn tỉnh Sóc Trăng : 
245 0 |b Luận văn tốt nghiệp đại học. Chuyên ngành Môi trường và quản lý tài nguyên thiên nhiên 
245 0 |c Phan Thị Trang; Nguyễn Văn Bé (Giáo viên hướng dẫn) 
260 |a Cần Thơ 
260 |b Trường Đại học Cần Thơ 
260 |c 2005 
520 |a Đánh giá hiện trạng tài nguyên rừng ngập mặn ở tỉnh Sóc Trăng. Đánh giá hiện trạng quản lý tài nguyên rừng ngập mặn ở tỉnh Sóc Trăng. Phân tích nguyên nhân gây suy thoái hệ sinh thái rừng ngập mặn. Đề xuất các biện pháp khả thi góp phần phát triển tài nguyên rừng ngập mặn, bảo vệ môi trường ven biển ở vùng nghiên cứu. 
650 |a Forests and forestry,Environmental protection,Rừng 
904 |i Năm 
980 |a Trung tâm Học liệu Trường Đại học Cần Thơ